[Event "2 Bundesliga West 2007/2008"]
[Site "Schwaz"]
[Date "2008.01.25"]
[Round "6"]
[Board "4"]
[White "Marchhart, Matthias"]
[Black "Doskocil, Klaus"]
[Result "1/2-1/2"]
[WhiteElo "2163"]
[BlackElo "2202"]
[PlyCount "86"]
[EventDate "2007.10.06"]
[EventType "team"]
[EventRounds "11"]
[EventCountry "AUT"]
[WhiteTeam "Wuestenrot Inter Sbg Sued"]
[BlackTeam "Lustenau"]

1.e4 g6 2.d4 Bg7 3.f4 c6 4.c3 d5 5.Nd2 dxe4 6.Nxe4 Nf6 7.Bd3 Nxe4 8.Bxe4 Nd7
9.Nf3 Nf6 10.Bc2 O-O 11.O-O Qc7 12.Qe1 Bf5 13.Bxf5 gxf5 14.Ne5 Rad8 15.Rf3 c5
16.Be3 Ng4 17.dxc5 Bxe5 18.fxe5 Qxe5 19.Rg3 Rd3 20.Bf2 Rxg3 21.Qxe5 Rxg2+
22.Kxg2 Nxe5 23.Rd1 Rc8 24.Rd5 f6 25.Bd4 Ng6 26.Rd7 Rb8 27.b4 a6 28.a4 Kf7
29.Kf2 Ke6 30.c6 bxc6 31.Ra7 Kd5 32.Rxa6 e5 33.Ba7 Rd8 34.b5 cxb5 35.axb5 Nf4
36.Rxf6 Ke4 37.b6 Rd2+ 38.Ke1 Rb2 39.Rc6 Nd3+ 40.Kd1 Rb1+ 41.Kc2 Rb2+ 42.Kd1
Rb1+ 43.Kc2 Rb2+

[Event "2 Bundesliga West 2007/2008"]
[Site "Schwaz"]
[Date "2008.01.25"]
[Round "6"]
[Board "5"]
[White "HAemmerle, Gernot"]
[Black "Lickleder, Andreas"]
[Result "1/2-1/2"]
[WhiteElo "2104"]
[BlackElo "2227"]
[PlyCount "44"]
[EventDate "2007.10.06"]
[EventType "team"]
[EventRounds "11"]
[EventCountry "AUT"]
[WhiteTeam "Lustenau"]
[BlackTeam "Wuestenrot Inter Sbg Sued"]

1.e4 c5 2.Nc3 e6 3.d3 Nc6 4.g4 Nge7 5.f4 d5 6.Nf3 h5 7.g5 g6 8.Bh3 Bg7 9.e5 b5
10.O-O Rb8 11.a4 b4 12.Nb5 Nf5 13.Bxf5 exf5 14.Nd6+ Kf8 15.Nxc8 Qxc8 16.Be3 d4
17.Bf2 Ne7 18.Nd2 Qc6 19.Nc4 Kg8 20.b3 Bf8 21.Be1 Nd5 22.Qf3 Qe6

[Event "2 Bundesliga West 2007/2008"]
[Site "Schwaz"]
[Date "2008.01.25"]
[Round "6"]
[Board "6"]
[White "Endthaler, Arnold"]
[Black "Niedermair, Hannes"]
[Result "0-1"]
[WhiteElo "2078"]
[BlackElo "1997"]
[PlyCount "72"]
[EventDate "2007.10.06"]
[EventType "team"]
[EventRounds "11"]
[EventCountry "AUT"]
[WhiteTeam "Wuestenrot Inter Sbg Sued"]
[BlackTeam "Lustenau"]

1.e4 d6 2.d4 Nf6 3.Nc3 c6 4.Be2 Qa5 5.Kf1 e5 6.Be3 Be7 7.h4 b5 8.a3 a6 9.g4 Qc7
10.g5 Nfd7 11.f4 exf4 12.Bxf4 f6 13.Kg2 Nb6 14.Bh5+ g6 15.Bf3 fxg5 16.hxg5 O-O
17.Qc1 N8d7 18.Nge2 Bb7 19.Rh3 Rf7 20.Qh1 Raf8 21.Qh2 Qd8 22.Rh1 Bxg5 23.Bxd6
Nc4 24.Bxf8 Ne3+ 25.Kg1 Nxf8 26.Qg3 Nxc2 27.Kg2 Nxd4 28.Nxd4 Qxd4 29.Qxg5 Ne6
30.Qg3 Nf4+ 31.Kf1 Qd3+ 32.Ke1 Qe3+ 33.Ne2 Nd3+ 34.Kf1 Bc8 35.Kg2 Bxh3+ 36.Qxh3
Qf2#

[Event "2 Bundesliga West 2007/2008"]
[Site "Schwaz"]
[Date "2008.01.26"]
[Round "7"]
[Board "1"]
[White "Bromberger, Stefan"]
[Black "Novkovic, Milan"]
[Result "1-0"]
[WhiteElo "2493"]
[BlackElo "2413"]
[PlyCount "43"]
[EventDate "2007.10.06"]
[EventType "team"]
[EventRounds "11"]
[EventCountry "AUT"]
[WhiteTeam "Rochade Rum"]
[BlackTeam "Hohenems II"]

1.e4 Nf6 2.e5 Nd5 3.d4 d6 4.c4 Nb6 5.f4 dxe5 6.fxe5 Nc6 7.Be3 Bf5 8.Nc3 e6 9.Nf3
Bg4 10.Be2 Be7 11.O-O O-O 12.Qd2 f6 13.exf6 Bxf6 14.Rad1 Be7 15.b3 a5 16.d5 exd5
17.c5 Nd7 18.Qxd5+ Kh8 19.Ng5 Bxg5 20.Bxg5 Nf6 21.Qxd8 Raxd8 22.Rxd8

[Event "2 Bundesliga West 2007/2008"]
[Site "Schwaz"]
[Date "2008.01.26"]
[Round "7"]
[Board "2"]
[White "GAertner, Guntram"]
[Black "Heinzel, Olaf"]
[Result "1/2-1/2"]
[WhiteElo "2328"]
[BlackElo "2392"]
[PlyCount "30"]
[EventDate "2007.10.06"]
[EventType "team"]
[EventRounds "11"]
[EventCountry "AUT"]
[WhiteTeam "Hohenems II"]
[BlackTeam "Rochade Rum"]

1.d4 f5 2.g3 Nf6 3.Bg2 e6 4.Nh3 d5 5.O-O Bd6 6.c4 c6 7.Bf4 O-O 8.Bxd6 Qxd6 9.Nd2
b6 10.e3 Bb7 11.Nf4 g5 12.Nd3 Nbd7 13.cxd5 cxd5 14.Nf3 g4 15.Nfe5 Rfc8

[Event "2 Bundesliga West 2007/2008"]
[Site "Schwaz"]
[Date "2008.01.26"]
[Round "7"]
[Board "3"]
[White "Gatterer, Florian"]
[Black "Grabher, Heinz"]
[Result "1-0"]
[WhiteElo "2301"]
[BlackElo "2258"]
[PlyCount "109"]
[EventDate "2007.10.06"]
[EventType "team"]
[EventRounds "11"]
[EventCountry "AUT"]
[WhiteTeam "Rochade Rum"]
[BlackTeam "Hohenems II"]

1.c4 Nf6 2.g3 e5 3.Bg2 c6 4.d4 exd4 5.Qxd4 d5 6.cxd5 cxd5 7.Nf3 Nc6 8.Qa4 Be7
9.O-O O-O 10.Be3 Be6 11.Nc3 Ng4 12.Bd4 Nxd4 13.Nxd4 Nf6 14.Nxe6 fxe6 15.Qb3 Qb6
16.Qxb6 axb6 17.e3 Bc5 18.Ne2 e5 19.a3 b5 20.Rad1 d4 21.exd4 exd4 22.Nf4 Rf7
23.Nd3 Bd6 24.Rfe1 Rc8 25.Re6 Rd8 26.h3 Rc7 27.Re2 b6 28.Bf3 Kf7 29.Kg2 h6 30.h4
Re8 31.Rxe8 Kxe8 32.Ne1 Be5 33.Be2 b4 34.Nd3 Rc2 35.Bf3 bxa3 36.Nxe5 Rxb2 37.Nc4
Rb3 38.Ra1 Ke7 39.Nxa3 Kd6 40.Bd1 Rb4 41.Bf3 Rb3 42.Nc2 Kc5 43.Ra7 Rc3 44.Rxg7
Nd5 45.Bxd5 Kxd5 46.Nxd4 Kxd4 47.Rg6 b5 48.Rxh6 Rc8 49.Rb6 Kc5 50.Rb7 Kc6 51.Re7
b4 52.h5 b3 53.h6 b2 54.Re1 Kd5 55.Rb1

[Event "2 Bundesliga West 2007/2008"]
[Site "Schwaz"]
[Date "2008.01.26"]
[Round "7"]
[Board "4"]
[White "Burschowsky, Matthias"]
[Black "Hengl, Christian"]
[Result "1/2-1/2"]
[WhiteElo "2208"]
[BlackElo "2207"]
[PlyCount "28"]
[EventDate "2007.10.06"]
[EventType "team"]
[EventRounds "11"]
[EventCountry "AUT"]
[WhiteTeam "Hohenems II"]
[BlackTeam "Rochade Rum"]

1.d4 d5 2.Nf3 Nf6 3.g3 Bf5 4.Bg2 e6 5.O-O Bd6 6.c4 c6 7.b3 O-O 8.Nc3 Nbd7 9.Bb2
h6 10.a3 Qe7 11.Nd2 Rfd8 12.e4 dxe4 13.Ndxe4 Nxe4 14.Bxe4 Bxe4

[Event "2 Bundesliga West 2007/2008"]
[Site "Schwaz"]
[Date "2008.01.26"]
[Round "7"]
[Board "5"]
[White "Jedinger, Andreas"]
[Black "Baldauf, Marco"]
[Result "0-1"]
[WhiteElo "2178"]
[BlackElo "2236"]
[PlyCount "88"]
[EventDate "2007.10.06"]
[EventType "team"]
[EventRounds "11"]
[EventCountry "AUT"]
[WhiteTeam "Rochade Rum"]
[BlackTeam "Hohenems II"]

1.e4 e6 2.d4 d5 3.Nc3 Nf6 4.e5 Nfd7 5.f4 c5 6.Nf3 Nc6 7.Be3 a6 8.Qd2 b5 9.g3 b4
10.Nd1 Qb6 11.Qf2 cxd4 12.Nxd4 Bc5 13.Nxc6 Qxc6 14.Bg2 a5 15.O-O Ba6 16.Re1 Rc8
17.Rc1 Qb6 18.Bxc5 Qxc5 19.Bf1 Bxf1 20.Rxf1 Qxf2+ 21.Nxf2 Ke7 22.Nd3 Rc4 23.Rf2
Rhc8 24.Kf1 Nb6 25.Ke1 d4 26.Kd2 R4c7 27.f5 Nc4+ 28.Ke1 Ne3 29.f6+ gxf6 30.Rxf6
Rxc2 31.Rxc2 Rxc2 32.Rh6 Ng2+ 33.Kd1 Ne3+ 34.Ke1 Nc4 35.b3 Nb2 36.Nxb2 Rxb2
37.Rxh7 Rxa2 38.h4 a4 39.Kd1 a3 40.Rh8 Rg2 41.Kc1 a2 42.Ra8 d3 43.h5 a1=Q+
44.Rxa1 Rg1+

[Event "2 Bundesliga West 2007/2008"]
[Site "Schwaz"]
[Date "2008.01.26"]
[Round "7"]
[Board "6"]
[White "Sandholzer, Robert"]
[Black "Muehlbacher, Bernhard"]
[Result "1/2-1/2"]
[WhiteElo "2108"]
[BlackElo "2134"]
[PlyCount "26"]
[EventDate "2007.10.06"]
[EventType "team"]
[EventRounds "11"]
[EventCountry "AUT"]
[WhiteTeam "Hohenems II"]
[BlackTeam "Rochade Rum"]

1.e4 c5 2.Nf3 e6 3.d4 cxd4 4.Nxd4 a6 5.Bd3 Qc7 6.O-O b6 7.c4 Bb7 8.Nc3 Nf6 9.Qe2
d6 10.f4 Nbd7 11.Bd2 Be7 12.Rae1 h5 13.b4 Ng4

[Event "2 Bundesliga West 2007/2008"]
[Site "Schwaz"]
[Date "2008.01.26"]
[Round "7"]
[Board "1"]
[White "Bayer, Bernhard"]
[Black "Anistratov, Dmitrij"]
[Result "1/2-1/2"]
[WhiteElo "2367"]
[BlackElo "2376"]
[PlyCount "93"]
[EventDate "2007.10.06"]
[EventType "team"]
[EventRounds "11"]
[EventCountry "AUT"]
[WhiteTeam "Schwaz"]
[BlackTeam "Dornbirn"]

1.c4 Nf6 2.Nc3 d6 3.d4 Nbd7 4.e4 e5 5.d5 Be7 6.Be3 h6 7.f3 Nf8 8.Bd3 Ng6 9.g3
O-O 10.Qc2 c6 11.O-O-O Bd7 12.Kb1 Qa5 13.Nge2 Rfc8 14.Qb3 c5 15.h3 Rab8 16.Rdg1
a6 17.Qc2 b5 18.Nc1 bxc4 19.Bxc4 Rb4 20.Nd1 Rb7 21.Bd2 Qb6 22.f4 Rcb8 23.f5 Nf8
24.g4 N6h7 25.h4 f6 26.Ka1 Bb5 27.Rg3 Bxc4 28.Qxc4 Qb5 29.Qxb5 axb5 30.Ra3 Nd7
31.Ra6 Rb6 32.Ra7 R6b7 33.Rxb7 Rxb7 34.Rh3 Nb6 35.Ra3 Nf8 36.Ne3 Nfd7 37.Ra5 Nc8
38.a4 bxa4 39.Rxa4 Ncb6 40.Ra5 Bd8 41.Rb5 Ra7+ 42.Kb1 Ra4 43.b4 Ra3 44.Kc2 c4
45.Nb3 Ra2+ 46.Kb1 Ra3 47.Kc2

[Event "2 Bundesliga West 2007/2008"]
[Site "Schwaz"]
[Date "2008.01.26"]
[Round "7"]
[Board "2"]
[White "Stiepan, Hans Michael"]
[Black "Fuchs, Georg"]
[Result "0-1"]
[WhiteElo "2113"]
[BlackElo "2221"]
[PlyCount "62"]
[EventDate "2007.10.06"]
[EventType "team"]
[EventRounds "11"]
[EventCountry "AUT"]
[WhiteTeam "Dornbirn"]
[BlackTeam "Schwaz"]

1.d4 Nf6 2.c4 e6 3.Nf3 Bb4+ 4.Bd2 Qe7 5.g3 O-O 6.Bg2 d5 7.O-O b6 8.Ne5 Bb7 9.Bg5
Bd6 10.Nc3 c6 11.e4 c5 12.exd5 cxd4 13.Qxd4 h6 14.Nc6 Nxc6 15.dxc6 hxg5 16.cxb7
Rad8 17.Qe3 Ng4 18.Qe2 f5 19.Nb5 Bb8 20.Rfe1 a6 21.Nc3 Ne5 22.Rad1 f4 23.Be4 g4
24.Rxd8 Qxd8 25.c5 bxc5 26.Qxa6 Qf6 27.Nd1 c4 28.Bg2 Kh8 29.Re4 fxg3 30.hxg3
Nf3+ 31.Bxf3 Qxf3

[Event "2 Bundesliga West 2007/2008"]
[Site "Schwaz"]
[Date "2008.01.26"]
[Round "7"]
[Board "3"]
[White "Gruber, Michael"]
[Black "Klocker, Benedikt"]
[Result "0-1"]
[WhiteElo "2146"]
[BlackElo "2149"]
[PlyCount "82"]
[EventDate "2007.10.06"]
[EventType "team"]
[EventRounds "11"]
[EventCountry "AUT"]
[WhiteTeam "Schwaz"]
[BlackTeam "Dornbirn"]

1.e4 c5 2.Nf3 d6 3.d4 cxd4 4.Nxd4 Nf6 5.Nc3 g6 6.Be3 Bg7 7.f3 O-O 8.Qd2 Nc6
9.O-O-O d5 10.exd5 Nxd5 11.Nxc6 bxc6 12.Bd4 e5 13.Bc5 Be6 14.Ne4 Rb8 15.c4 Nb6
16.Qxd8 Rfxd8 17.Bd6 Rbc8 18.b3 Nd5 19.c5 Bh6+ 20.Kb2 f5 21.Nc3 Bg7 22.Nxd5 cxd5
23.Ba6 Rc6 24.Bb7 Rdxd6 25.cxd6 Rxd6 26.Rhe1 d4 27.Rd3 Bd5 28.Bxd5+ Rxd5 29.a3
Rd7 30.Kc2 Kf7 31.Rdd1 Rc7+ 32.Kb2 Re7 33.g4 fxg4 34.Re4 gxf3 35.Rf1 Ke6 36.Rxf3
Kd5 37.Rg4 e4 38.Rg5+ Be5 39.Rf8 d3+ 40.Kc1 Kd4 41.Kd1 e3

[Event "2 Bundesliga West 2007/2008"]
[Site "Schwaz"]
[Date "2008.01.26"]
[Round "7"]
[Board "4"]
[White "Novkovic, Julia"]
[Black "Angerer, Helmut"]
[Result "1-0"]
[WhiteElo "2131"]
[BlackElo "2151"]
[PlyCount "50"]
[EventDate "2007.10.06"]
[EventType "team"]
[EventRounds "11"]
[EventCountry "AUT"]
[WhiteTeam "Dornbirn"]
[BlackTeam "Schwaz"]

1.e4 b6 2.d4 Bb7 3.Bd3 e6 4.Ne2 d5 5.e5 Qd7 6.c3 Ba6 7.Bc2 c5 8.O-O Ne7 9.Re1
Bxe2 10.Rxe2 Nec6 11.a3 Na5 12.Nd2 c4 13.Nf1 Nbc6 14.f4 g6 15.Ne3 h5 16.f5 gxf5
17.Nxf5 exf5 18.e6 fxe6 19.Bxf5 Nd8 20.Bg6+ Ke7 21.Bg5+ Kd6 22.Bf4+ Ke7 23.Rf2
Bh6 24.Qxh5 Bxf4 25.Qxh8 Be3

[Event "2 Bundesliga West 2007/2008"]
[Site "Schwaz"]
[Date "2008.01.26"]
[Round "7"]
[Board "5"]
[White "Riedl, Johannes"]
[Black "Gsteu, Peter"]
[Result "1-0"]
[WhiteElo "2142"]
[BlackElo "2080"]
[PlyCount "25"]
[EventDate "2007.10.06"]
[EventType "team"]
[EventRounds "11"]
[EventCountry "AUT"]
[WhiteTeam "Schwaz"]
[BlackTeam "Dornbirn"]

1.b3 d5 2.Bb2 Nf6 3.Nf3 e6 4.e3 c5 5.Ne5 Bd6 6.f4 O-O 7.Be2 Qc7 8.O-O Nc6 9.Nxc6
Qxc6 10.Bxf6 gxf6 11.Qe1 Kh8 12.Qh4 Be7 13.Bd3

[Event "2 Bundesliga West 2007/2008"]
[Site "Schwaz"]
[Date "2008.01.26"]
[Round "7"]
[Board "6"]
[White "Kessler, Luca"]
[Black "KOell,  Hannes"]
[Result "0-1"]
[WhiteElo "1911"]
[BlackElo "2119"]
[PlyCount "98"]
[EventDate "2007.10.06"]
[EventType "team"]
[EventRounds "11"]
[EventCountry "AUT"]
[WhiteTeam "Dornbirn"]
[BlackTeam "Schwaz"]

1.d4 g6 2.c4 Bg7 3.Nc3 d6 4.Nf3 Bg4 5.h3 Bxf3 6.gxf3 Nd7 7.e4 e5 8.Be3 Ne7 9.Qd2
O-O 10.O-O-O f5 11.dxe5 Nxe5 12.Be2 Qe8 13.Nd5 Nxd5 14.Qxd5+ Kh8 15.h4 Qa4
16.Kb1 c6 17.Qxd6 Nxc4 18.Bxc4 Qxc4 19.Rc1 Qe2 20.Rc2 Qxf3 21.Rd1 Qxe4 22.h5 Bf6
23.Bd4 Bxd4 24.Rxd4 Rad8 25.Qxd8 Rxd8 26.Rxd8+ Kg7 27.hxg6 hxg6 28.b3 f4 29.Rd7+
Kh8 30.Rxb7 a5 31.Rd7 a4 32.bxa4 Qe1+ 33.Kb2 Qb4+ 34.Kc1 Qxa4 35.Rcd2 c5 36.R7d5
c4 37.Rc2 Qa3+ 38.Kb1 Qb4+ 39.Kc1 Qe1+ 40.Rd1 Qe4 41.Rdd2 g5 42.Kb2 Qe5+ 43.Kb1
c3 44.Re2 Qb5+ 45.Kc1 g4 46.Re1 Qg5 47.Kb1 g3 48.fxg3 f3 49.Ka1 f2

[Event "2 Bundesliga West 2007/2008"]
[Site "Schwaz"]
[Date "2008.01.26"]
[Round "7"]
[Board "1"]
[White "Medvegy, Zoltan"]
[Black "Dobosz, Henryk"]
[Result "1/2-1/2"]
[WhiteElo "2512"]
[BlackElo "2430"]
[PlyCount "142"]
[EventDate "2007.10.06"]
[EventType "team"]
[EventRounds "11"]
[EventCountry "AUT"]
[WhiteTeam "ATSV Ranshofen"]
[BlackTeam "GOetzis"]

1.d4 d5 2.c4 c6 3.Nc3 Nf6 4.e3 g6 5.cxd5 cxd5 6.Nf3 Bg7 7.Bb5+ Nbd7 8.Qb3 e6
9.O-O O-O 10.Bd3 b6 11.Bd2 Bb7 12.Rfc1 Ne4 13.Be1 e5 14.Bf1 exd4 15.Nxd4 Ndc5
16.Qd1 Qe7 17.Nxe4 dxe4 18.b4 Rfd8 19.Qc2 Ne6 20.Nxe6 Qxe6 21.Bc4 Bd5 22.Rab1 b5
23.Bxd5 Rxd5 24.Qc6 Qxc6 25.Rxc6 Rad8 26.Kf1 Be5 27.Ra6 R8d7 28.Rc1 R5d6 29.Ra5
a6 30.a4 Rd1 31.Rxd1 Rxd1 32.Ke2 Ra1 33.axb5 axb5 34.Rxb5 Ra2+ 35.Kf1 f6 36.h3
Kf7 37.g4 Ke6 38.Ra5 Rb2 39.Ra6+ Kd5 40.Ra5+ Ke6 41.Rc5 Bd6 42.Rc4 f5 43.g5 Kd5
44.Rd4+ Kc6 45.h4 Rb1 46.Ke2 Rb2+ 47.Bd2 Rb1 48.f3 exf3+ 49.Kxf3 Be5 50.Rc4+ Kd5
51.Rc5+ Ke6 52.Rc8 Rh1 53.b5 Rxh4 54.b6 Rh1 55.Bc1 Kd7 56.b7 Bc7 57.Bd2 Rf1+
58.Ke2 Rb1 59.Rh8 Rxb7 60.Rxh7+ Kc8 61.Rg7 Rb6 62.Bc3 Re6 63.Kf3 Bb6 64.Bd4 Bxd4
65.exd4 Kd8 66.d5 Rd6 67.Kf4 Rxd5 68.Rxg6 Ke7 69.Rf6 Ra5 70.Kg3 Ra8 71.Rxf5 Rf8

[Event "2 Bundesliga West 2007/2008"]
[Site "Schwaz"]
[Date "2008.01.26"]
[Round "7"]
[Board "2"]
[White "Eisenbeiser, Amadeus"]
[Black "Dovzik, Juri"]
[Result "1/2-1/2"]
[WhiteElo "2319"]
[BlackElo "2381"]
[PlyCount "22"]
[EventDate "2007.10.06"]
[EventType "team"]
[EventRounds "11"]
[EventCountry "AUT"]
[WhiteTeam "GOetzis"]
[BlackTeam "ATSV Ranshofen"]

1.e4 c5 2.Nf3 e6 3.d4 cxd4 4.Nxd4 Nc6 5.Nb5 d6 6.c4 Nf6 7.N1c3 b6 8.g3 Bb7 9.Bg2
Be7 10.O-O O-O 11.Be3 Ne5

[Event "2 Bundesliga West 2007/2008"]
[Site "Schwaz"]
[Date "2008.01.26"]
[Round "7"]
[Board "3"]
[White "Zoister, Stefan"]
[Black "Schmidlechner, Alexander"]
[Result "1/2-1/2"]
[WhiteElo "2226"]
[BlackElo "2195"]
[PlyCount "42"]
[EventDate "2007.10.06"]
[EventType "team"]
[EventRounds "11"]
[EventCountry "AUT"]
[WhiteTeam "ATSV Ranshofen"]
[BlackTeam "GOetzis"]

1.e4 c5 2.Nf3 a6 3.c3 e6 4.d4 d5 5.dxc5 Bxc5 6.exd5 exd5 7.Bd3 Nf6 8.Qe2+ Be6
9.Be3 Bd6 10.O-O O-O 11.Qc2 Nc6 12.Nbd2 Rc8 13.Nb3 Nb4 14.Qd1 Nxd3 15.Qxd3 Qc7
16.Nbd4 Ne4 17.h3 Qe7 18.Rad1 Qf6 19.Nd2 Nc5 20.Qe2 Qg6 21.Qf3 Na4

[Event "2 Bundesliga West 2007/2008"]
[Site "Schwaz"]
[Date "2008.01.26"]
[Round "7"]
[Board "4"]
[White "Wallis, Anton"]
[Black "Webersberger, Johann"]
[Result "0-1"]
[WhiteElo "2163"]
[BlackElo "2236"]
[PlyCount "60"]
[EventDate "2007.10.06"]
[EventType "team"]
[EventRounds "11"]
[EventCountry "AUT"]
[WhiteTeam "GOetzis"]
[BlackTeam "ATSV Ranshofen"]

1.e4 g6 2.d4 Bg7 3.Nf3 d6 4.h3 Nf6 5.Bd3 O-O 6.O-O Nc6 7.c3 e5 8.Re1 Nh5 9.Bf1
h6 10.Be3 Qf6 11.Nbd2 Nf4 12.Kh2 g5 13.g3 Ng6 14.dxe5 dxe5 15.b4 Re8 16.Qc2 Bf8
17.Bg2 Be6 18.a4 a5 19.b5 Nb8 20.c4 Nd7 21.c5 b6 22.c6 Nc5 23.Nc4 g4 24.hxg4
Bxg4 25.Nfd2 h5 26.Nb3 Nxb3 27.Qxb3 h4 28.Qb2 Kg7 29.Bxb6 cxb6 30.Nxb6 Bc5

[Event "2 Bundesliga West 2007/2008"]
[Site "Schwaz"]
[Date "2008.01.26"]
[Round "7"]
[Board "5"]
[White "Ager, Josef"]
[Black "Kranz, Armin"]
[Result "1-0"]
[WhiteElo "2213"]
[BlackElo "2172"]
[PlyCount "89"]
[EventDate "2007.10.06"]
[EventType "team"]
[EventRounds "11"]
[EventCountry "AUT"]
[WhiteTeam "ATSV Ranshofen"]
[BlackTeam "GOetzis"]

1.g3 Nf6 2.Bg2 e6 3.Nf3 d5 4.O-O c5 5.d4 b5 6.a4 b4 7.dxc5 Bxc5 8.c4 bxc3 9.Nxc3
Bb7 10.Ne5 O-O 11.Nd3 Be7 12.Be3 Nc6 13.Bc5 a5 14.Rc1 Nb4 15.Nb5 Rc8 16.Bxb4
axb4 17.Qb3 Qa5 18.Ne5 Ne4 19.Bxe4 dxe4 20.Nc4 Qa8 21.Nbd6 Rcd8 22.Nxb7 Qxb7
23.Qe3 Qd5 24.Rfd1 Qf5 25.Qf4 Bg5 26.Qxf5 exf5 27.Rb1 f4 28.a5 e3 29.fxe3 fxe3
30.Kg2 b3 31.Kf3 f5 32.Nb6 f4 33.g4 Rd2 34.Rxd2 exd2 35.Nc4 Rd8 36.Rd1 Rc8
37.Nxd2 Rc2 38.Nxb3 Rxb2 39.Rd3 Kf8 40.a6 Ra2 41.Rd5 Ra3 42.a7 Be7 43.Ra5 Rxb3+
44.Kg2 f3+ 45.exf3

[Event "2 Bundesliga West 2007/2008"]
[Site "Schwaz"]
[Date "2008.01.26"]
[Round "7"]
[Board "6"]
[White "Flatz, Lothar"]
[Black "Hackbarth, Wolfgang"]
[Result "1/2-1/2"]
[WhiteElo "2156"]
[BlackElo "2141"]
[PlyCount "65"]
[EventDate "2007.10.06"]
[EventType "team"]
[EventRounds "11"]
[EventCountry "AUT"]
[WhiteTeam "GOetzis"]
[BlackTeam "ATSV Ranshofen"]

1.Nf3 g6 2.d4 Bg7 3.c4 Nf6 4.Nc3 d6 5.g3 O-O 6.Bg2 c6 7.O-O Qc7 8.e4 e5 9.h3 Be6
10.Qe2 a6 11.Be3 b5 12.d5 Bd7 13.dxc6 Qxc6 14.cxb5 axb5 15.Rfc1 Qa6 16.a4 bxa4
17.Qxa6 Nxa6 18.Nxa4 Nb4 19.Nb6 Rxa1 20.Rxa1 Nc2 21.Ra7 Bc6 22.Bg5 Rb8 23.Bxf6
Bxf6 24.Nc4 Rd8 25.Nfd2 Nd4 26.b4 Kf8 27.Ne3 Be7 28.Nd5 Bxd5 29.exd5 Rb8 30.Nc4
Rxb4 31.Ra8+ Kg7 32.Ra7 Bf8 33.Ra8

[Event "2 Bundesliga West 2007/2008"]
[Site "Schwaz"]
[Date "2008.01.26"]
[Round "7"]
[Board "1"]
[White "FrOewis, Georg"]
[Black "Lehner, Oliver"]
[Result "0-1"]
[WhiteElo "2223"]
[BlackElo "2419"]
[PlyCount "55"]
[EventDate "2007.10.06"]
[EventType "team"]
[EventRounds "11"]
[EventCountry "AUT"]
[WhiteTeam "Lustenau"]
[BlackTeam "Sparkasse Jenbach"]

1.e4 e5 2.Nf3 Nc6 3.d4 exd4 4.Bc4 Nf6 5.Ng5 d5 6.exd5 Ne5 7.Qxd4 Nxc4 8.Qxc4 h6
9.Ne4 Nxd5 10.Nbc3 c6 11.O-O Be6 12.Qe2 Nxc3 13.Nxc3 Qh4 14.Ne4 Be7 15.b3 O-O
16.Bb2 Rfe8 17.Rae1 Bb4 18.c3 Bf8 19.Ng3 Rad8 20.Qc2 Qf4 21.Re3 Bc5 22.Re2 Bg4
23.Rxe8+ Rxe8 24.c4 f6 25.Qg6 Re1 26.Nh1 Bf5 27.Qg3 Qd2 28.Qc3

[Event "2 Bundesliga West 2007/2008"]
[Site "Schwaz"]
[Date "2008.01.26"]
[Round "7"]
[Board "2"]
[White "Schlosser, Philipp"]
[Black "Bezler, Rainer"]
[Result "1-0"]
[WhiteElo "2564"]
[BlackElo "2258"]
[PlyCount "106"]
[EventDate "2007.10.06"]
[EventType "team"]
[EventRounds "11"]
[EventCountry "AUT"]
[WhiteTeam "Sparkasse Jenbach"]
[BlackTeam "Lustenau"]

1.d4 Nf6 2.c4 g6 3.g3 Bg7 4.Bg2 O-O 5.Nc3 d6 6.h3 e5 7.dxe5 dxe5 8.Qxd8 Rxd8
9.Bg5 Re8 10.Nf3 Bd7 11.Nd2 Bc6 12.Nd5 Nxd5 13.cxd5 Bd7 14.Rc1 h6 15.Be3 Na6
16.O-O f5 17.Nc4 e4 18.Rfd1 b5 19.Na5 Bxb2 20.Rc2 Be5 21.Nc6 Bd6 22.Bxh6 Bxc6
23.dxc6 Nb4 24.Rb2 a6 25.Rxd6 cxd6 26.Rxb4 Rac8 27.a4 Rxc6 28.axb5 Rb6 29.Bf1
axb5 30.Be3 Rb7 31.Bd4 Kf7 32.e3 Reb8 33.g4 fxg4 34.hxg4 Ke6 35.Kg2 Kd7 36.Bf6
Kc6 37.Rxe4 b4 38.Rc4+ Kd7 39.g5 b3 40.Rc1 Rc7 41.Rb1 Ke6 42.Bd3 Kf7 43.f4 Rc6
44.Be4 Rc5 45.Bd4 Ra5 46.Kg3 d5 47.Bf3 Rab5 48.Rb2 Rd8 49.Kg4 Ke6 50.Be2 Rb4
51.Bd3 Kf7 52.Rh2 Rg8 53.Bc5 Rgb8

[Event "2 Bundesliga West 2007/2008"]
[Site "Schwaz"]
[Date "2008.01.26"]
[Round "7"]
[Board "3"]
[White "Doskocil, Klaus"]
[Black "BOensch, Uwe"]
[Result "0-1"]
[WhiteElo "2202"]
[BlackElo "2530"]
[PlyCount "75"]
[EventDate "2007.10.06"]
[EventType "team"]
[EventRounds "11"]
[EventCountry "AUT"]
[WhiteTeam "Lustenau"]
[BlackTeam "Sparkasse Jenbach"]

1.e4 c5 2.c3 d5 3.exd5 Qxd5 4.d4 Nf6 5.Nf3 Bg4 6.Be2 e6 7.Na3 Nc6 8.O-O cxd4
9.Nb5 Rc8 10.Nbxd4 Nxd4 11.Nxd4 Bxe2 12.Qxe2 a6 13.Bf4 Be7 14.Rfd1 Qh5 15.Qxh5
Nxh5 16.Be3 Nf6 17.Bf4 O-O 18.Nf3 Nd5 19.Bg3 b5 20.a4 b4 21.cxb4 Bxb4 22.Rac1
Nb6 23.b3 Nd5 24.Be5 f6 25.Bb2 Nf4 26.Kf1 e5 27.g3 Ne6 28.Ne1 Rxc1 29.Rxc1 Rb8
30.Nd3 Bf8 31.Rc3 Nd4 32.Nc1 e4 33.Kg2 f5 34.Re3 Nf3 35.Rc3 Rd8 36.Rc7 Rd2
37.Ba1 g5 38.g4

[Event "2 Bundesliga West 2007/2008"]
[Site "Schwaz"]
[Date "2008.01.26"]
[Round "7"]
[Board "5"]
[White "HAemmerle, Gernot"]
[Black "Kleissl, Helmut"]
[Result "1/2-1/2"]
[WhiteElo "2104"]
[BlackElo "2302"]
[PlyCount "52"]
[EventDate "2007.10.06"]
[EventType "team"]
[EventRounds "11"]
[EventCountry "AUT"]
[WhiteTeam "Lustenau"]
[BlackTeam "Sparkasse Jenbach"]

1.e4 g6 2.d4 Bg7 3.Nc3 d6 4.Bg5 Nd7 5.Qd2 c5 6.d5 a6 7.a4 Qa5 8.Ra2 Ngf6 9.f3
O-O 10.Bh6 Ne5 11.Bxg7 Kxg7 12.f4 Ned7 13.Be2 Qb4 14.Bf3 Rb8 15.Nge2 b5 16.axb5
axb5 17.O-O Bb7 18.Ra7 Nb6 19.Qd3 Nc8 20.Ra2 c4 21.Qd4 Kg8 22.e5 Nd7 23.Ne4 Ra8
24.Rxa8 Bxa8 25.e6 fxe6 26.dxe6 Nc5

[Event "2 Bundesliga West 2007/2008"]
[Site "Schwaz"]
[Date "2008.01.26"]
[Round "7"]
[Board "1"]
[White "Prusikin, Michael"]
[Black "Westermeier, Arnulf"]
[Result "1-0"]
[WhiteElo "2552"]
[BlackElo "2272"]
[PlyCount "75"]
[EventDate "2007.10.06"]
[EventType "team"]
[EventRounds "11"]
[EventCountry "AUT"]
[WhiteTeam "Wuestenrot Inter Sbg Sued"]
[BlackTeam "ASK Salzburg"]

1.d4 d5 2.c4 e6 3.Nc3 Nf6 4.cxd5 exd5 5.Bg5 Nbd7 6.e3 Be7 7.Bd3 O-O 8.Nf3 Re8
9.O-O c6 10.Qc2 Nf8 11.h3 Ng6 12.Ne5 Nd7 13.Bxe7 Qxe7 14.f4 Ndxe5 15.dxe5 Nf8
16.Rae1 Be6 17.Kh1 Rad8 18.Qf2 a6 19.Rd1 Bc8 20.Bc2 Qc5 21.Qg3 Qe7 22.Rd2 Kh8
23.Rfd1 b5 24.e4 b4 25.Na4 Bb7 26.Qf2 dxe4 27.Bxe4 Rxd2 28.Qxd2 c5 29.Bxb7 Qxb7
30.Nxc5 Qb5 31.Ne4 Rb8 32.Nd6 Qd7 33.Rc1 Kg8 34.Rc4 h6 35.Rxb4 Rxb4 36.Qxb4 g5
37.f5 Qe7 38.Qc4

[Event "2 Bundesliga West 2007/2008"]
[Site "Schwaz"]
[Date "2008.01.26"]
[Round "7"]
[Board "2"]
[White "Navratil, Robert"]
[Black "Pitl, Gregory"]
[Result "0-1"]
[WhiteElo "2141"]
[BlackElo "2405"]
[PlyCount "38"]
[EventDate "2007.10.06"]
[EventType "team"]
[EventRounds "11"]
[EventCountry "AUT"]
[WhiteTeam "ASK Salzburg"]
[BlackTeam "Wuestenrot Inter Sbg Sued"]

1.e4 c5 2.Nf3 d6 3.d4 cxd4 4.Nxd4 Nf6 5.Nc3 Nc6 6.f4 Qb6 7.Nb3 Bg4 8.Be2 h5
9.Bf3 Be6 10.Qe2 Nb4 11.f5 Bxb3 12.cxb3 Rc8 13.a3 Nc6 14.b4 Nd4 15.Qf2 Ng4
16.Bxg4 hxg4 17.O-O g3 18.hxg3 Rxc3 19.Re1 Nf3+